000 00820nam a2200289 a 4500
001 0000294
003 DO-SdBNP
005 20240710091014.0
007 0000294
008 150130s2005 cl ac 000 0 spa d
020 _a9879208625 (o.c)
040 _aBPMSU
_bspa
_cBPMSU
082 4 _a372.52
_bA999p 2005
_222
092 _a372.83
_bC238c, 1ro. 2014
100 1 _a Azzerboni, Laura C.
245 1 0 _aPlástica en la escuela :
_b el aula en el arte /
_c Laura C Azzerboni
260 _aColombia :
_bLandeira Ediciones,
_c2005
300 _a v. :
_bil. ;
_c29 cm.
500 _a
500 _a
590 _aInventariado, 2024/VM
650 4 _aArte
_xEnseñanza primaria
650 4 _aPintura
_xEnseñanza primaria
710 2 _aLexus
910 _aVMateo V. Control de calidad BPMSU
942 _2ddc
_cBK
999 _c14724
_d14724